| 000 | 00507nam a2200181Ia 4500 | ||
|---|---|---|---|
| 999 |
_c6837 _d6837 |
||
| 020 | _a9788185604763 | ||
| 082 | _a305.56880954 RAV-V | ||
| 100 | _aRavikumar | ||
| 245 | 0 | _aVenomous touch: notes on caste, culture and politics | |
| 260 |
_aKolkata _bSamya _c2009 |
||
| 300 | _axxii, 298 | ||
| 504 | _aincludes appendix, bibliography and index | ||
| 650 |
_aDalits _vSocial conditions _zIndia |
||
| 650 |
_aDiscrimination _zIndia |
||
| 650 |
_aCommunalism _zIndia |
||
| 700 | _aAzhagarasan, R. | ||
| 942 | _cBK | ||